00926nam a22002417a 45000010005000000030006000050050017000110080041000280200018000690400029000870500017001160820010001331000018001432450068001612600038002293000057002675050008003245200235003325210029005675210020005966500033006167000035006498267FISKH20250905121459.0250905b cb ||||| |||| 00| 0 eng d a9780545496636 aFISKHbengcFISKHdFISKH aPZ7.B52337 L a813.6 aBirtha, Becky aLucky beans / cBy Becky Birtha : Illustrated by Nicole Tadgell aNew York : bScholastic , c2010. a32 unnumbered pages : bcolor illustrator c25 cm .  aK  aDuring the Great Depression, Marshall, an African American boy, uses lessons learned in arithmetic class and guidance from his mother to figure out how many beans are in a jar in order to win her a new sewing machine in a contest.8 a510 bLexile estimate 8 aK bRaz-Plus  aSewing machinevPicture Book aTadgell, Nicole eIllustrator